| 000 | 00667nam a22002297a 4500 | ||
|---|---|---|---|
| 003 | LK-CoMWRAF | ||
| 005 | 20231024113743.0 | ||
| 008 | 231016b2009 |||||||| |||| 00| 0 eng d | ||
| 020 | _a9679472728 | ||
| 040 |
_aLK-CoMWRAF _dLK-CoMWRAF _eLK-CoMWRAF |
||
| 041 | _aeng | ||
| 082 |
_a305.42 _bBAD |
||
| 100 | _aBadlishah, Nik Noriani, Nik | ||
| 245 | _aWomen as judges | ||
| 260 |
_aSelangor: _bSisters in Islam, _c2009 |
||
| 300 |
_a41 p. 21cm _bBibliography included |
||
| 650 | _aWOMEN JUDGES (Islamic law) | ||
| 650 | _aWomen as judges-Islamic countries | ||
| 650 | _aWomen in the professions-Islamic countries | ||
| 700 | _aMasidi, Yasmin | ||
| 942 | _cBK | ||
| 999 |
_c3887 _d3887 |
||